02227nam a2200361 a 450000100100000000500170001000800410002702000180006804000250008608200220011110000350013324502180016826000490038630000210043549000280045650000570048450400740054150400310061550503200064659000270096665100570099365000560105065100670110665100440117370000420121783000350125991000370129495201360133195201350146795201200160295201260172299900170184800002817920200930031421.0110407s2011 dr 000 0 spa d a9789945163841 aDO-SdBNPbspacBNPHU a341.097293bA989c1 aAyuso, José Alejandro95517913aLa constitución derecho internacional e integración supranacional :bel control preventivo de los tratados internacionales como proceso constitucional /cJosé Alejandro Ayuso ; prólogo Eduardo Jorge Prats. aSanto Domingo :bFundación Equidad,c2011. a196 p. ;c23 cm.1 aVivir en Constitución aIncluye datos biografícos del autor en las solapas aIncluye referencias bibliográficas y notas al pie de las páginas. aBibliografía: p.179-187.0 tPrólogo /rEduardo Jorge Prats --tSuperioridad normativa de la Constitución --tEficacia del control de constitucionalidad de las normas --tFundamentos constitucionales de la integración supranacional --tA manera de epílogo: El control constitucional de la integración supranacional --tBibliografía. aInventariado, 2018/ YL 4aRepública DominicanaxDerecho Constitucional99303 4aTratados comercialeszRepública Dominicana912395 4aRepública DominicanaxRelaciones ExterioresxTratados911787 4aRepública DominicanaxTratados9551801 aJorge Prats, Eduardo,epról.917747 0aVivir en Constitución955181 aValidado. Control de calidad EMS 001054708DSaGRbGRcHDd2011-04-07iLF1l0o341.097293 A989cp28179-30r2020-06-25te. 3w2020-06-25yLFDSZPréstamo en sala 001054708DSaGRbGRcHDd2015-01-19iLF1l0o341.097293 A989cp28179-40r2020-06-25te. 4w2020-06-25yLFDSZPréstamo en sala 0010718PDaPDbPDcHDd2011-04-07iLF1l0o341.097293 A989cp28179-10r2020-06-25w2020-06-25yLFPDZNo se presta 0010718PDaPDbPDcHDd2011-04-07iLF1l0o341.097293 A989cp28179-20r2020-06-25te. 2w2020-06-25yLFPDZNo se presta c27671d27671